000 00806nam a22002897a 4500
003 DO-SdBNP
005 20180221094408.0
008 160718 1989 sp a spa d
020 _a8421610465
040 _aBPMSU
_bspa
_cBPMSU
092 _a
_b
100 1 _aMuñoz, Juan
245 1 3 _aEl feo, el bobo y el malo /
_cJuan Muñoz ; ilustraciones Víctor Moreno
250 _a6a. ed.
260 _aMadrid :
_bBruño,
_c1993
300 _a171 p. :
_bil. ;
_c19 cm.
490 0 _aAlta mar
500 _aIncluye datos biográficos del autor.
521 _a
586 _aPremio Doncel de cuento infantil
586 _a
700 1 2 _aMoreno, Víctor
_eil.
830 0 _aAlta mar
_n4
942 _2ddc
_cBK
945 _ainventariado, 2018 / dg
956 _2
_3
_a VMATEO
_b10
_c20170117
_dBPMSU
_f0069
999 _c12490
_d12490